SAMKALIN BHART OR SHIKSA (Record no. 19931)

MARC details
000 -LEADER
fixed length control field 00251nam a22001217a 4500
003 - CONTROL NUMBER IDENTIFIER
control field SGT
082 ## - DEWEY DECIMAL CLASSIFICATION NUMBER
Item number SHA
100 ## - MAIN ENTRY--PERSONAL NAME
Personal name SHARMA, RAJNI
245 ## - TITLE STATEMENT
Title SAMKALIN BHART OR SHIKSA
260 ## - PUBLICATION, DISTRIBUTION, ETC. (IMPRINT)
Place of publication, distribution, etc DELHI
Name of publisher, distributor, etc SHIKSHA PUB.
Year of Publication 2019
300 ## - PAGE DESCRIPTION
No. of Pages 261
942 ## - ADDED ENTRY ELEMENTS (KOHA)
Source of classification or shelving scheme Dewey Decimal Classification
Koha item type Books
Holdings
Withdrawn status Lost status Source of classification or shelving scheme Damaged status Not for loan Collection code Home library Current library Shelving location Date acquired Cost, normal purchase price SGTU Bill Number Total Checkouts Full call number Accession No. (Barcode) Date last seen Date last borrowed Bill Date Koha item type
    Dewey Decimal Classification     EDUCATION SGT Engineering Library SGT Engineering Library Text Book 29/04/2020 165.00 SGTU 101 1 SHA ED4634 15/02/2021 05/01/2021 29/04/2020 Books
    Dewey Decimal Classification     EDUCATION SGT Engineering Library SGT Engineering Library Text Book 29/04/2020 165.00 SGTU 101   SHA ED4635 29/04/2020   29/04/2020 Books